Movies Quiz

Random Movies or Animation Quiz

Pick the Real Disney Words Quiz Stats

 Plays Quiz Updated May 26, 2013

Challenge
Share
Tweet
Embed
Score 0/15 Timer 01:00
11 Plays Today
% Correct
Frog
87.5%
Sword
84.5%
Stone
81.4%
Cauldron
77.4%
Little
75.9%
Great
61.8%
Planet
61.2%
Three
57.6%
% Correct
Range
56.6%
Music
55.4%
Under
52.1%
New
50%
Fancy
42.6%
Mine
40.2%
Time
39.5%

You're not logged in!

Compare scores with friends on all Sporcle quizzes.
Join for Free
OR
Log In

You Might Also Like...

Show Comments

Extras

Top Quizzes Today


Score Distribution

Your Account Isn't Verified!

In order to create a playlist on Sporcle, you need to verify the email address you used during registration. Go to your Sporcle Settings to finish the process.

Report this User

Report this user for behavior that violates our Community Guidelines.

Details: